书目信息 |
| 题名: |
近代中国旅游发展的经济透视
|
|
| 作者: | 张莉莉 著 | |
| 分册: | ||
| 出版信息: | 天津 天津大学出版社 1998.09 |
|
| 页数: | 294页 | |
| 开本: | 20cm | |
| 丛书名: | ||
| 单 册: | ||
| 中图分类: | F590 | |
| 科图分类: | ||
| 主题词: | 旅游经济 | |
| 电子资源: | ||
| ISBN: | 7-5618-1095-4 | |
| 000 | 00600nam0 2200193 450 | |
| 001 | 1341180406 | |
| 005 | 20130312112906.43 | |
| 010 | @a7-5618-1095-4@dCNY16.00 | |
| 100 | @a20130312d1998 km y0chiy0120 ea | |
| 101 | 0 | @achi |
| 102 | @aCN@b120000 | |
| 200 | 1 | @a近代中国旅游发展的经济透视@Ajin dai zhong guo lu you fa zhan de jing ji tou shi@f张莉莉著@Fzhang li li zhu |
| 210 | @a天津@c天津大学出版社@d1998.09 | |
| 215 | @a294页@d20cm | |
| 606 | 0 | @a旅游经济 |
| 690 | @aF590@v4 | |
| 701 | 0 | @a张莉莉@Azhang li li@4著 |
| 801 | 0 | @aCN@b大连网信软件有限公司图书馆·11@c20130312 |
| 905 | @aZUCC@dF590@eZH453 | |
| 近代中国旅游发展的经济透视/张莉莉著.-天津:天津大学出版社,1998.09 |
| 294页;20cm |
| ISBN 7-5618-1095-4:CNY16.00 |
| ● |
| 相关链接 |
|
|
|
正题名:近代中国旅游发展的经济透视
索取号:F590/ZH453
 
预约/预借
| 序号 | 登录号 | 条形码 | 馆藏地/架位号 | 状态 | 备注 |
| 1 | 66607 | 200666074 | 社科库409/409社科库 38排6列4层/ [索取号:F590/ZH453] | 在馆 | |
| 2 | 66608 | 200666083 | 社科二线422/409社科库 38排6列4层/ [索取号:F590/ZH453] | 在馆 | |
| 3 | 66609 | 200666092 | 社科库409/409社科库 38排6列4层/ [索取号:F590/ZH453] | 在馆 | |
| 4 | 66610 | 200666109 | 社科库409/409社科库 38排6列4层/ [索取号:F590/ZH453] | 在馆 | |
| 5 | 66611 | 200666118 | 社科二线422/422社科库 10排2列1层/ [索取号:F590/ZH453] | 在馆 |